Peněžní trh
Úverový, kapitálový a finančný trh v hospodárskom systéme.
Gespeichert in:
| Format: | Buchkapitel |
|---|---|
| Sprache: | Tschechisch |
| Schlagworte: | |
| Tags: |
Keine Tags, Fügen Sie das erste Tag hinzu!
|
MARC
| LEADER | 00000naa a2200000 4500 | ||
|---|---|---|---|
| 001 | r017889 | ||
| 005 | 20221208131528.3 | ||
| 041 | 0 | |a cze | |
| 044 | |a CZ | ||
| 245 | 1 | 0 | |a Peněžní trh |
| 520 | |a Úverový, kapitálový a finančný trh v hospodárskom systéme. | ||
| 610 | 2 | 0 | |a financie |
| 610 | 2 | 0 | |a trh finančný |
| 610 | 2 | 0 | |a trh kapitálový |
| 610 | 2 | 0 | |a trh peňažný |
| 610 | 2 | 0 | |a trh |
| 610 | 2 | 0 | |a úver |
| 610 | 2 | 0 | |a slovníky |
| 610 | 2 | 0 | |a hospodárstvo trhové |